000 00617nam a2200241Ia 4500
003 OSt
005 20221007072518.0
006 a|||||r|||| 00| 0
007 ta
008 221006b |||||||| |||| 00| 0 eng d
024 _a24,354
037 _cTextual
040 _aFLL
_cFLL
_beng
041 _2eng
_aeng
082 _aZ3:4, G6
100 _aStallybrass W.T.S
_9690827
245 0 _aLaw of torts
250 _a9th
260 _aLondon
_bSweet & Maxwell Limited Tronoto
_c1936
300 _alvi,716,30p
_ccm.
942 _hZ3:4, G6
_cTEXL
_2CC
999 _c1146280
_d1146280